The Bible : (Record no. 9643)

MARC details
000 -LEADER
fixed length control field 00579nam a22001937a 4500
003 - CONTROL NUMBER IDENTIFIER
control field OSt
005 - DATE AND TIME OF LATEST TRANSACTION
control field 20260422014127.0
008 - FIXED-LENGTH DATA ELEMENTS--GENERAL INFORMATION
fixed length control field 260422b |||||||| |||| 00| 0 eng d
020 ## - INTERNATIONAL STANDARD BOOK NUMBER
International Standard Book Number 971-501-940-4
040 ## - CATALOGING SOURCE
Original cataloging agency DWCL-Main lib
Transcribing agency OC
082 ## - DEWEY DECIMAL CLASSIFICATION NUMBER
Classification number Circ. 221 V233b 2002
100 ## - MAIN ENTRY--PERSONAL NAME
Personal name Valdes, Ariel A.
245 ## - TITLE STATEMENT
Title The Bible :
Remainder of title questions people ask, volume 1/
Statement of responsibility, etc. Valdes, Ariel A.
260 ## - PUBLICATION, DISTRIBUTION, ETC.
Place of publication, distribution, etc. Phil. :
Name of publisher, distributor, etc. Claretians Publications,
Date of publication, distribution, etc. c2002
300 ## - PHYSICAL DESCRIPTION
Extent 96 pages. :
Dimensions 21 cm.
504 ## - BIBLIOGRAPHY, ETC. NOTE
Bibliography, etc. note vol. 1 : Old Testament
650 ## - SUBJECT ADDED ENTRY--TOPICAL TERM
Topical term or geographic name entry element Bible - Old Testament
942 ## - ADDED ENTRY ELEMENTS (KOHA)
Source of classification or shelving scheme Dewey Decimal Classification
Koha item type Book Circulation
Classification part Circ.
Suppress in OPAC No
952 ## - LOCATION AND ITEM INFORMATION (KOHA)
--
952 ## - LOCATION AND ITEM INFORMATION (KOHA)
--
Holdings
Withdrawn status Lost status Source of classification or shelving scheme Damaged status Not for loan Home library Current library Shelving location Date acquired Source of acquisition Total Checkouts Full call number Barcode Date last seen Copy number Price effective from Koha item type Uniform Resource Identifier
    Dewey Decimal Classification     College Library College Library Circulation 11/19/2004 SF   Circ. 221 V233b 2002 CL41273 04/22/2026 c1 04/22/2026 BK-CIRC
    Dewey Decimal Classification     College Library College Library Circulation 11/19/2004 SF   Circ. 221 V233b 2002 CL41274 04/22/2026 c2 04/22/2026 BK-CIRC